000 00298nam a2200121 a 4500
005 20140414131900.0
008 100916s19uu xx 00 eng d
050 _aTR
_bB54 1995
100 _aBisson, Terry
245 _aVirtuosity.
260 _aNew York :
_bPocket Books,
_c1995.
999 _c110640
_d110640